=LDR 00000nam 2200000 4500 =001 INLIS000000000001553 =005 20130612085943 =008 ***********************************Ind** =035 ##$$0010-061300000001553 =041 ##$$a Ind =082 ##$$a 372.357 =090 ##$$a 372.357, Wah-i.III =100 ##$$a WAHYUDI =245 ##$$a IPA untuk SD pendidikan dasar 9 tahun, Wahyudi, Muzahit =260 ##$$a 2000 $b Surakarta =300 ##$$a ...jil, ilus, 28 cm =650 ##$$a IPA (Pendidikan Dasar/SD) =700 ##$$a MUZAHIT =850 ##$$a NBPNMAT